| 000 | 00513nam a22001937a 4500 | ||
|---|---|---|---|
| 008 | 141002b xxu||||| |||| 00| 0 eng d | ||
| 041 | 0 | _aalb | |
| 080 |
_a7.03 _x(075.8) |
||
| 100 | 1 | _aMuharremi, Hivzi; | |
| 245 | 1 | 0 | _aHistoria e artit / |
| 250 | _aRibotim | ||
| 260 |
_aPrishtinë: _bUniversiteti i Prishtinës, _c1998. |
||
| 300 |
_a191 f. : _bme il ; _c24 cm. |
||
| 500 | _aParathënia : f. 7 | ||
| 505 | _aLiteratura : f. 191 | ||
| 650 | 0 | _aArti | |
| 650 | 0 | _aHistoria | |
| 942 |
_2udc _cBK |
||
| 999 |
_c509 _d509 |
||